00254nam a2200097Ia 4500008004100000100001800041245004200059260002900101300000800130650001800138191201s2004 xx 000 0 und d aBATRA, Promod 0aSimple Ways to Make Your Family Happy aN.DelhibThink Incc2004 a440 aGeneral Books